1259 1652 1854 1305 1257 1142 1554 1197 1832 1551 1345 1251 1507 1776 1680 1044 1723 1539 1455 1978 1059 1721 1564 1963 1682 1776 1993 1941 1953 1593 1587 1572 1335 1888 1955 1502 1985 1629 1140 1944 1105 1849 1747 1597 1506 1332 1828 1403 1015 1953 1154 1985 1677 1688 1204 1639 1350 1407 1276 1797 1193 1875 1033 1183 1568 1019 1590 1861 1617 1084 1179 1131 1210 1626 1543 1269 1552 1757 1422 1635 1076 1711 1659 1934 1120 1097 1741 1830 1768 1438 1879 1046 1852 1015 1744 1262 1305 1486 1546 BCNSPRNW ULIB Ver.6.0+V

เปลี่ยนเป็นภาษาไทย

Change to English
 แสดงรายละเอียดบรรณานุกรม
  กลับหน้าหลัก

Brief Record : Get Marc (ISO 2709) : E-mail record : QR code < ปิดหน้าต่าง
LEADER : 00000nam 2200000uu 4500
001    13399128171
003     ULIB
008    220802s2564||||th 000 0 tha d
020    ^a9786168290033
050    ^aนว.^bภ382ป
100  0 ^aภัสรสา
245  1 ^aปราการแสงจันทร์ /^cภัสรสา
250    ^aพิมพ์ครั้งที่ 1
260    ^aกรุงเทพฯ :^bภัสรสา พับลิชชิ่ง,^c2564
300    ^a542 หน้า
650    ^aนวนิยายไทย
945    ^p485^l0^i009260
999    ^aประนอม เกษจรัล
รายการนี้ยังไม่มีแท็ก
คุณยังไม่ได้ล็อกอิน คุณสามารถมีกิจกรรมร่วมกับเว็บไซต์ได้ แต่ต้องล็อกอินก่อน ::
  ล็อกอิน

รายการสื่อสารสนเทศ

ลำดับที่ ประเภท เลขเรียก/บาร์โค้ด สถานที่ สถานะ
1. นวนิยาย
นวนิยาย
นว. ภ382ป ฉ.1 
  Barcode: 009260
ห้องสมุดวิทยาเขตนครสวรรค์
►นวนิยาย:l:Fiction
บนชั้น

รายการใกล้เคียง
    ผู้แต่ง [ภัสรสา]

    หัวเรื่อง [นวนิยายไทย]

BibComment


ยังไม่เคยถูกคอมเมนท์

คอมเมนท์ทรัพยากรรายการนี้
  คอมเมนท์: ปราการแสงจันทร์ ..


 Copyright 2026. Bcnsprnw @Library